<?xml version="1.0" encoding="UTF-8"?>
<record
    xmlns:xsi="http://www.w3.org/2001/XMLSchema-instance"
    xsi:schemaLocation="http://www.loc.gov/MARC21/slim http://www.loc.gov/standards/marcxml/schema/MARC21slim.xsd"
    xmlns="http://www.loc.gov/MARC21/slim">

  <leader>00943na  a2200229   4500</leader>
  <controlfield tag="001">17485</controlfield>
  <controlfield tag="003">MIRAKIL</controlfield>
  <controlfield tag="005">20181213154931.0</controlfield>
  <controlfield tag="008">161025b        tu            000 0      </controlfield>
  <datafield tag="040" ind1=" " ind2=" ">
    <subfield code="a">Milas</subfield>
    <subfield code="b">tur</subfield>
    <subfield code="c">TR-AnCHP</subfield>
  </datafield>
  <datafield tag="041" ind1=" " ind2=" ">
    <subfield code="a">tur</subfield>
  </datafield>
  <datafield tag="082" ind1=" " ind2=" ">
    <subfield code="a">336.2009561</subfield>
    <subfield code="b">T96t 2002</subfield>
  </datafield>
  <datafield tag="090" ind1=" " ind2=" ">
    <subfield code="a">336.2009561 T96t 2002</subfield>
  </datafield>
  <datafield tag="111" ind1=" " ind2=" ">
    <subfield code="a">T&#xFC;rkiye Vergi Kongresi</subfield>
    <subfield code="c">&#x130;stanbul</subfield>
    <subfield code="d">2002</subfield>
    <subfield code="n">6.</subfield>
  </datafield>
  <datafield tag="245" ind1=" " ind2=" ">
    <subfield code="a">T&#xFC;rkiye VI. vergi kongresi kriz ekonomisi ve kamu maliyesi</subfield>
    <subfield code="c">&#x130;stanbul Y&#xFC;ksek Ticaret ve Marmara &#xDC;niversitesi &#x130;ktisadi &#x130;dari Bilimler Fak&#xFC;ltesi Mezunlar Derne&#x11F;i</subfield>
  </datafield>
  <datafield tag="260" ind1=" " ind2=" ">
    <subfield code="a">&#x130;stanbul</subfield>
    <subfield code="b">&#x130;stanbul Y&#xFC;ksek Ticaret ve Marmara &#xDC;niv. &#x130;ktisadi        &#x130;dari Bilimler Fak. Mezunlar Derne&#x11F;i</subfield>
    <subfield code="c">2002</subfield>
  </datafield>
  <datafield tag="300" ind1=" " ind2=" ">
    <subfield code="a">292 s.</subfield>
    <subfield code="c">24 sm.</subfield>
  </datafield>
  <datafield tag="650" ind1=" " ind2=" ">
    <subfield code="a">Vergilendirme</subfield>
    <subfield code="x">Kongreler</subfield>
  </datafield>
  <datafield tag="650" ind1=" " ind2=" ">
    <subfield code="a">Vergilendirme</subfield>
    <subfield code="z">T&#xFC;rkiye</subfield>
  </datafield>
  <datafield tag="710" ind1=" " ind2=" ">
    <subfield code="a">&#x130;stanbul Y&#xFC;ksek Ticaret ve Marmara &#xDC;niversitesi &#x130;ktisadi-&#x130;dari Bilimler Fak&#xFC;ltesi Mezunlar Derne&#x11F;i</subfield>
  </datafield>
  <datafield tag="942" ind1=" " ind2=" ">
    <subfield code="2">ddc</subfield>
    <subfield code="c">BKS</subfield>
  </datafield>
  <datafield tag="952" ind1=" " ind2=" ">
    <subfield code="a">0001</subfield>
    <subfield code="b">0001</subfield>
    <subfield code="d">2016-10-25</subfield>
    <subfield code="e">2</subfield>
    <subfield code="l">0</subfield>
    <subfield code="o">336.2009561 T96t 2002</subfield>
    <subfield code="p">007699</subfield>
    <subfield code="r">2016-10-25 00:00:00</subfield>
    <subfield code="v">0.00</subfield>
    <subfield code="w">2016-10-25</subfield>
    <subfield code="y">BKS</subfield>
  </datafield>
  <datafield tag="952" ind1=" " ind2=" ">
    <subfield code="a">0002</subfield>
    <subfield code="b">0002</subfield>
    <subfield code="d">2016-10-25</subfield>
    <subfield code="e">2</subfield>
    <subfield code="l">0</subfield>
    <subfield code="o">336.2009561 T96t 2002</subfield>
    <subfield code="p">P00696</subfield>
    <subfield code="r">2016-10-25 00:00:00</subfield>
    <subfield code="w">2016-10-25</subfield>
    <subfield code="y">BKS</subfield>
  </datafield>
  <datafield tag="999" ind1=" " ind2=" ">
    <subfield code="c">3432</subfield>
    <subfield code="d">3432</subfield>
  </datafield>
</record>
